| 000 | 00506nam a2200169Ia 4500 | ||
|---|---|---|---|
| 999 |
_c6015 _d6015 |
||
| 003 | OSt | ||
| 005 | 20200121150309.0 | ||
| 008 | 190216s9999||||xx |||||||||||||| ||und|| | ||
| 020 | _a8172882238 | ||
| 040 | _coclc | ||
| 082 |
_a658.3 _bBHA/P |
||
| 100 |
_aBhagoliwal, T N _91387 |
||
| 245 | 0 |
_aPersonnel Management And Industrial Relations / _cT N Bhagoliwal |
|
| 260 |
_bSahitya Bhawan Publications, _c2001. _aAgra: |
||
| 300 | _a688p | ||
| 942 |
_cBK _2ddc _h658.3 _iBHA/P _k658.3 _mBHA/P |
||